000 00914nam0a2200289 4500
001 RU\NLR\bibl\2007854
005 20260407071510.0
010 _a978-5-516-00010-2
_93040
021 _aRU
_b2013-9890
_9710
035 _a(NLR Aleph) 001996469
090 _a4298169
_c4298169
100 _a20130304d2013 |||y0rusy50 ca
101 0 _arus
102 _aRU
105 _aa |||||||||
200 1 _aГусарский монастырь
_e[роман]
_fСергей Минцлов
210 _aСанкт-Петербург
_cЛенинград
_d2013
215 _a318, [1] с.
_cил.
_d21
686 _aШ6(2=Р)6-4
700 1 _4070
_7ca
_8rus
_aМинцлов
_bС. Р.
_f1870-1933
_gСергей Рудольфович
_3RU\NLR\AUTH\770278983
_92650950
801 0 _aRU
_bNLR
_c20130304
_gRCR
801 1 _aRU
_bNLR
_c20130304
942 _cBOOK
980 _aNBR
980 _aNB